000 01366nam a2200349 c 4500
999 _c333166
_d333166
003 BLK
005 20240206131414.0
008 180411b bul|||||r ||||||| ||bul||
010 _aKNG00214519000
020 _a978-954-344-521-9
040 _aBLK
041 _aENG
_cENG
_hBUL
072 7 _2bullib
_aН80
_xЕзикознание Н
080 _aАнглийски език
_b811.111
_x(076)(075.4)
_z811.111(076)(075.4)
080 _aАнглийска литература
_b821.111
_x-322.4
_z821.111-322.4
100 1 _aБътлър, Доминик
_eпърви автор
_9350533
139 _aБътлър, Доминик
_bБ 93
245 1 0 _aThe Skye`s the Limit
_b20 типично британски кратки разказа за учене на англ. ез. : Ниво B1 - B2
_cДоминик Бътлър.
257 _aBGR
260 _bКлет България
_c2019
_fПловдив : Булвест Принт
300 _a128 с.
_bс ил.
_c19 см
380 _a80
500 _aЗа автора: с. 3. - Текст и на бълг. ез.
650 4 _aАнглийски език
_9242420
653 _aучебни помагала
852 _bЧ3
_cЧ3 802.0/К 48
856 4 _qpdf
856 4 _qpdf
942 _cKNG
_n0
_02
944 _aCR
_c22.11.2017
_k30529
_lДиана Гривева
999 _d333166